[Event "III Festival A"]
[Site "San Martino di Castrozza - Siror ITA"]
[Date "2002.07.02"]
[Round "2"]
[White "Affinito, Pancrazio"]
[Black "Dallaglio, Giovanni"]
[Result "1-0"]
[WhiteElo "1794"]
[BlackElo "2051"]
[PlyCount "61"]
[EventDate "2002.07.01"]

1. d4 Nf6 2. c4 e6 3. g3 d5 4. Bg2 c6 5. Nf3 Be7 6. O-O O-O 7. b3 Nbd7 8. Qc2
b6 9. Bb2 Bb7 10. Nc3 Rc8 11. Rad1 c5 12. cxd5 exd5 13. dxc5 bxc5 14. e3 Qc7
15. Nh4 Nb6 16. Nf5 a6 17. a4 Rcd8 18. Rd2 c4 19. a5 Nc8 20. Rfd1 Qxa5 21.
Nxe7+ Nxe7 22. bxc4 Ba8 23. Nxd5 Nfxd5 24. cxd5 Bxd5 25. Bxd5 Rxd5 26. Rxd5
Nxd5 27. Qf5 Rd8 28. e4 g6 29. Qe5 f6 30. Qe6+ Kf8 31. exd5 1-0

[Event "III Festival A"]
[Site "San Martino di Castrozza - Siror ITA"]
[Date "2002.07.02"]
[Round "2"]
[White "Andreoli, Mark"]
[Black "Dal Zovo, Claudio"]
[Result "1-0"]
[WhiteElo "2065"]
[BlackElo "1732"]
[PlyCount "81"]
[EventDate "2002.07.01"]

1. e4 e6 2. d4 d5 3. e5 c5 4. Qg4 Nc6 5. Nf3 cxd4 6. Bd3 Nge7 7. O-O Ng6 8. Re1
Bd7 9. a3 Rc8 10. b4 a6 11. Nbd2 Qc7 12. Qg3 Bxb4 13. axb4 Nxb4 14. Ba3 Nxd3
15. cxd3 Qc3 16. h4 h5 17. Rec1 Qxd3 18. Rxc8+ Bxc8 19. Bc5 Bd7 20. Bxd4 O-O
21. Qg5 Rc8 22. Qxh5 Nf4 23. Qg4 Ne2+ 24. Kh2 Nxd4 25. Qxd4 Bb5 26. Qxd3 Bxd3
27. Nd4 Kf8 28. Kg3 Ke7 29. Kf4 f6 30. g4 Bg6 31. Re1 Bf7 32. h5 Kd7 33. Rb1
Kc7 34. Rc1+ Kd7 35. Rxc8 Kxc8 36. exf6 gxf6 37. h6 e5+ 38. Kf5 Bg8 39. Kxf6
Bh7 40. g5 exd4 41. g6 1-0

[Event "III Festival A"]
[Site "San Martino di Castrozza - Siror ITA"]
[Date "2002.07.02"]
[Round "2"]
[White "Belotti, Bruno"]
[Black "Ruzzier, Dario"]
[Result "1-0"]
[WhiteElo "2430"]
[BlackElo "2012"]
[PlyCount "23"]
[EventDate "2002.07.01"]

1. e4 e5 2. Nf3 Nf6 3. Nc3 Bb4 4. Nxe5 O-O 5. Be2 Re8 6. Nd3 Ba5 7. b4 Bb6 8.
e5 Nc6 9. exf6 Nd4 10. O-O d6 11. Bb2 Qxf6 12. Bg4 1-0

[Event "III Festival A"]
[Site "San Martino di Castrozza - Siror ITA"]
[Date "2002.07.02"]
[Round "2"]
[White "Bondielli, Giorgio"]
[Black "Contin, Daniel"]
[Result "1-0"]
[WhiteElo "2008"]
[BlackElo "2334"]
[PlyCount "95"]
[EventDate "2002.07.01"]

1. e4 e6 2. d4 d5 3. e5 c5 4. c3 Bd7 5. Nf3 Qb6 6. Bd3 Bb5 7. O-O Bxd3 8. Qxd3
Qa6 9. Qe3 Nd7 10. Nbd2 Nh6 11. Nb3 Rc8 12. Nh4 Be7 13. Qh3 cxd4 14. cxd4 Rc2
15. Bxh6 gxh6 16. Rac1 Qe2 17. Nf3 Nb6 18. Nc5 Rxc1 19. Rxc1 Qxb2 20. Qxh6 Nc4
21. h3 Rg8 22. Nd3 Qa3 23. Qxh7 Rg6 24. Rd1 Qxa2 25. Nf4 Qc2 26. Qh8+ Bf8 27.
Ra1 Rh6 28. Qg8 a5 29. Ng5 Qf5 30. g3 b5 31. Re1 Nd2 32. Rc1 Nc4 33. Rc3 b4 34.
Nfxe6 Rxe6 35. Rxc4 Rg6 36. Rc8+ Qxc8 37. Qxf7+ Kd8 38. Qxf8+ Kc7 39. Qf7+ Kb6
40. Qxg6+ Kb5 41. e6 Qc6 42. Qb1 a4 43. e7 Qe8 44. Qe1 a3 45. Nf7 Qxf7 46.
e8=Q+ Qxe8 47. Qxe8+ Kc4 48. Qa4 1-0

[Event "III Festival A"]
[Site "San Martino di Castrozza - Siror ITA"]
[Date "2002.07.02"]
[Round "2"]
[White "Capata, Ion"]
[Black "Ivanov, Mikhail M."]
[Result "0-1"]
[WhiteElo "2150"]
[BlackElo "2489"]
[PlyCount "102"]
[EventDate "2002.07.01"]

1. e4 c5 2. c3 b6 3. d4 Bb7 4. Bd3 Nf6 5. Qe2 cxd4 6. cxd4 Nc6 7. Nf3 Nb4 8.
Nc3 Nxd3+ 9. Qxd3 Qc8 10. a4 e6 11. O-O Bb4 12. Re1 O-O 13. Bd2 d5 14. exd5
Bxc3 15. Bxc3 Bxd5 16. Ne5 Qb7 17. f3 Rfd8 18. Bd2 Ne8 19. Qe2 Nd6 20. Qf2 Nf5
21. Bc3 a5 22. g4 Nd6 23. Kg2 b5 24. axb5 Qxb5 25. Qe2 a4 26. Qc2 Bb3 27. Qd2
Qd5 28. Nd3 Rac8 29. Re5 Qa8 30. Ra5 Qb8 31. Qg5 h6 32. Qe5 Nc4 33. Qxb8 Rxb8
34. Ra7 Ne3+ 35. Kg3 Nc2 36. Rf1 a3 37. bxa3 Bc4 38. Rd1 Rb3 39. Ba5 Rxd4 40.
Nf2 Bd5 41. Rxd4 Rxf3+ 42. Kg2 Nxd4 43. Kg1 Rxa3 44. Bb6 Nf3+ 45. Kg2 Rb3 46.
Ba5 Nh4+ 47. Kf1 Rb1+ 48. Ke2 Rb2+ 49. Ke1 Nf3+ 50. Kf1 Nxh2+ 51. Kg1 Nxg4 0-1

[Event "III Festival A"]
[Site "San Martino di Castrozza - Siror ITA"]
[Date "2002.07.02"]
[Round "2"]
[White "Cavatorta, Fosco"]
[Black "Guglielmone, Luciano"]
[Result "1/2-1/2"]
[WhiteElo "1812"]
[BlackElo "1720"]
[PlyCount "67"]
[EventDate "2002.07.01"]

1. e4 e6 2. d3 d5 3. Nd2 Nc6 4. Ngf3 e5 5. Be2 Nf6 6. O-O Be7 7. exd5 Nxd5 8.
Nc4 Bf6 9. c3 O-O 10. Re1 b5 11. Ne3 Nxe3 12. Bxe3 b4 13. Bc5 Re8 14. cxb4 Bf5
15. b5 Na5 16. Bb4 Nb7 17. Bc3 Nd6 18. d4 exd4 19. Bxd4 Bd7 20. Bxf6 Qxf6 21.
Qb3 Rab8 22. a4 a6 23. Qc2 axb5 24. Qxc7 Rb7 25. Qc3 Qxc3 26. bxc3 bxa4 27. Bd1
Rxe1+ 28. Nxe1 Ra7 29. Nd3 a3 30. f3 Nc4 31. Bb3 Bb5 32. Kf2 Kf8 33. f4 Nb2 34.
Bc2 1/2-1/2

[Event "III Festival A"]
[Site "San Martino di Castrozza - Siror ITA"]
[Date "2002.07.02"]
[Round "2"]
[White "D'Ettorre, Ireneo"]
[Black "Cattafi, Giuseppe"]
[Result "1/2-1/2"]
[WhiteElo "1747"]
[BlackElo "1810"]
[PlyCount "36"]
[EventDate "2002.07.01"]

1. c4 c6 2. Nc3 d5 3. cxd5 cxd5 4. d4 Nc6 5. Bf4 e6 6. e3 Bd6 7. Bg3 Nge7 8.
Bd3 e5 9. dxe5 Bxe5 10. Bxe5 Nxe5 11. Bb5+ Bd7 12. Bxd7+ Qxd7 13. Nge2 Qg4 14.
Nf4 Rd8 15. Qxg4 Nxg4 16. h3 Nf6 17. O-O-O Rd7 18. Rd2 O-O 1/2-1/2

[Event "III Festival A"]
[Site "San Martino di Castrozza - Siror ITA"]
[Date "2002.07.02"]
[Round "2"]
[White "Drasko, Milan"]
[Black "Brignone, Roberto"]
[Result "1-0"]
[WhiteElo "2502"]
[BlackElo "2165"]
[PlyCount "67"]
[EventDate "2002.07.01"]

1. d4 d5 2. c4 dxc4 3. Nf3 e6 4. e3 a6 5. Bxc4 Nf6 6. O-O b5 7. Bd3 c5 8. a4 c4
9. Be2 Bb7 10. b3 Nc6 11. bxc4 bxc4 12. Bxc4 Be7 13. Nbd2 O-O 14. Bb2 Re8 15.
Qe2 Qa5 16. e4 Rad8 17. Nb3 Qb6 18. a5 Qa7 19. Rfc1 Nb4 20. Nfd2 Qa8 21. f3 Qa7
22. Qf2 Nd7 23. Be2 Rc8 24. Rxc8 Rxc8 25. Rc1 Rxc1+ 26. Bxc1 Nc6 27. Nc4 Nb4
28. Bd2 Kf8 29. Nc5 Nxc5 30. Bxb4 Nd7 31. Bxe7+ Kxe7 32. Qe3 Bc6 33. Qg5+ Ke8
34. Nd6+ 1-0

[Event "III Festival A"]
[Site "San Martino di Castrozza - Siror ITA"]
[Date "2002.07.02"]
[Round "2"]
[White "Esposito, Marco"]
[Black "Ammendolea, Massimo"]
[Result "1/2-1/2"]
[WhiteElo "1809"]
[BlackElo "1702"]
[PlyCount "143"]
[EventDate "2002.07.01"]

1. Nf3 Nf6 2. c4 e6 3. g3 b6 4. Bg2 Bb7 5. O-O c5 6. Nc3 Be7 7. b3 O-O 8. Bb2
Nc6 9. e4 Ne8 10. d4 f5 11. d5 fxe4 12. Nxe4 Nb4 13. a3 exd5 14. Nxc5 Bxc5 15.
axb4 Bxb4 16. cxd5 a5 17. Ba3 Bxa3 18. Rxa3 Rc8 19. b4 Qe7 20. Nd4 Qxb4 21. Rb3
Qc5 22. Rb5 Qd6 23. Qb3 Rf6 24. Nc6 Ba6 25. Ne7+ Qxe7 26. d6+ Qf7 27. Bd5 Re6
28. Bxe6 Qxe6 29. Qxe6+ dxe6 30. d7 Rd8 31. dxe8=Q+ Rxe8 32. Rxb6 Bxf1 33. Kxf1
Ra8 34. Rxe6 a4 35. Re2 Kf7 36. Ra2 Ke6 37. Ke2 Ke5 38. Ke3 Ra7 39. f4+ Kd5 40.
Kd3 Kc5 41. Kc3 a3 42. f5 h5 43. h3 Kd5 44. g4 Ke5 45. Kb3 hxg4 46. hxg4 Kf4
47. f6 gxf6 48. Rf2+ Kg5 49. Ka2 Ra6 50. Rg2 Ra4 51. Rg3 Kh4 52. Rf3 Ra6 53.
Rf4 Kg3 54. Rc4 Kf3 55. Rb4 Ke3 56. Rc4 Kd3 57. Rb4 Kc3 58. Rf4 Kd3 59. Rb4 Ke3
60. Rc4 Kf3 61. Rd4 Kg3 62. Rc4 Kh4 63. Rd4 Kg5 64. Rc4 Kg6 65. Rd4 Kf7 66. Rc4
Ke7 67. Rb4 Kd7 68. Rf4 Ke6 69. Rb4 Kd6 70. Rf4 Ke5 71. Rb4 Ra5 72. Rc4 1/2-1/2

[Event "III Festival A"]
[Site "San Martino di Castrozza - Siror ITA"]
[Date "2002.07.02"]
[Round "2"]
[White "Fragni, Enrico"]
[Black "Morselli, Stefano"]
[Result "1-0"]
[WhiteElo "1711"]
[BlackElo "1798"]
[PlyCount "111"]
[EventDate "2002.07.01"]

1. d4 Nf6 2. f3 d6 3. e4 g6 4. Be3 Bg7 5. Bd3 Nc6 6. c3 e5 7. d5 Ne7 8. Ne2 Nd7
9. Ng3 O-O 10. c4 f5 11. exf5 Nxf5 12. Nxf5 gxf5 13. Nc3 f4 14. Bf2 Nc5 15. Bc2
Nd7 16. Qd3 Nf6 17. O-O-O Bd7 18. Bh4 Rf7 19. g3 fxg3 20. hxg3 Qf8 21. Bxf6
Bxf6 22. Rxh7 Bg5+ 23. f4 exf4 24. Qg6+ Rg7 25. Rxg7+ Qxg7 26. Qxg7+ Kxg7 27.
gxf4 Bxf4+ 28. Kb1 Re8 29. Rh1 a6 30. Rh7+ Kf8 31. Rxd7 Re3 32. Rxc7 b5 33.
cxb5 axb5 34. a3 Re1+ 35. Ka2 Rc1 36. Kb3 Be5 37. Nxb5 Bf4 38. Bg6 Rxc7 39.
Nxc7 Ke7 40. a4 Kd7 41. Ne6 Be3 42. Kb4 Kc8 43. Kb5 Kb7 44. b4 Bd2 45. Be8 Be1
46. Nd8+ Kb8 47. Nf7 Bg3 48. Ka6 Bf4 49. b5 Bg3 50. b6 Bf2 51. a5 Be3 52. Kb5
Kc8 53. Nxd6+ Kb8 54. Nc4 Bf4 55. a6 Kc8 56. a7 1-0

[Event "III Festival A"]
[Site "San Martino di Castrozza - Siror ITA"]
[Date "2002.07.02"]
[Round "2"]
[White "Giuriato, Sergio"]
[Black "Pagano, Sergio"]
[Result "1-0"]
[WhiteElo "1788"]
[BlackElo "1851"]
[PlyCount "61"]
[EventDate "2002.07.01"]

1. d4 Nf6 2. c4 e6 3. Nc3 Bb4 4. e3 Nc6 5. Qc2 O-O 6. a3 Bxc3+ 7. Qxc3 Re8 8.
Nf3 d5 9. Bd3 dxc4 10. Bxc4 e5 11. Nxe5 Nxe5 12. dxe5 Ng4 13. f4 b6 14. O-O Bb7
15. h3 Nh6 16. Bd2 Qd7 17. Be1 Nf5 18. Be2 Rac8 19. Rd1 Qe6 20. Qd3 a6 21. e4
Qc6 22. Bf3 Ne7 23. Bc3 Qh6 24. Bg4 Rb8 25. f5 Nc6 26. Qg3 Rbd8 27. e6 Rd6 28.
exf7+ Kxf7 29. Bh5+ g6 30. fxg6+ Ke7 31. Rf7+ 1-0

[Event "III Festival A"]
[Site "San Martino di Castrozza - Siror ITA"]
[Date "2002.07.02"]
[Round "2"]
[White "Gosio, Denis"]
[Black "Rotstein, Arkadij"]
[Result "1-0"]
[WhiteElo "2154"]
[BlackElo "2557"]
[PlyCount "166"]
[EventDate "2002.07.01"]

1. e4 c5 2. Nf3 e6 3. d4 cxd4 4. Nxd4 a6 5. Bd3 Qb6 6. Nb3 Qc7 7. O-O Nf6 8. f4
d6 9. Be3 Be7 10. a4 b6 11. Nc3 Nbd7 12. Qe2 Bb7 13. Rae1 h5 14. h3 h4 15. Rf2
Nh5 16. f5 Ng3 17. Qd2 e5 18. Rf3 Nf6 19. Bg5 Nfh5 20. Bxe7 Kxe7 21. Rf2 Nf6
22. Qe3 Rac8 23. Qg5 Rh5 24. Qe3 Kf8 25. Rd2 Re8 26. Rf2 Rh6 27. Qg5 Rc8 28.
Qe3 Nfh5 29. Ne2 Nxe2+ 30. Rfxe2 Nf4 31. Rf2 Rh5 32. Rd1 Rg5 33. Rxf4 exf4 34.
Qxf4 Qe7 35. Nd4 Re8 36. Nf3 Rh5 37. Re1 Rh6 38. b3 Qf6 39. Qd2 a5 40. Kh1 Rh5
41. Qf2 Qd8 42. c4 Rh6 43. Re2 Ba8 44. Qd4 Qc7 45. Rd2 Qc5 46. Bc2 Qxd4 47.
Rxd4 Ke7 48. Nh2 Rhh8 49. Ng4 f6 50. Kg1 Kd7 51. Kf2 Re7 52. Ke3 Rhe8 53. Nf2
Re5 54. Kf4 Kc7 55. Bd1 Bc6 56. Bf3 Bb7 57. Kg4 g6 58. fxg6 Rg5+ 59. Kf4 Rxg6
60. Ng4 Bc8 61. Ne3 Be6 62. Bh5 Reg8 63. Bxg6 Rxg6 64. Ng4 Kc6 65. Rd3 Kc5 66.
g3 hxg3 67. Rxg3 Kd4 68. h4 Bxg4 69. Rxg4 Rh6 70. Kf5 Ke3 71. Rg3+ Kf2 72. Rh3
Kg2 73. Rd3 Rxh4 74. Rxd6 Kf3 75. Rxb6 Rf4+ 76. Ke6 Kxe4 77. Rb5 f5 78. Re5+
Kd4 79. Rxf5 Re4+ 80. Kd6 Re3 81. Rb5 Kc3 82. c5 Rd3+ 83. Kc6 Rd4 1-0

[Event "III Festival A"]
[Site "San Martino di Castrozza - Siror ITA"]
[Date "2002.07.02"]
[Round "2"]
[White "Kasparov, Sergey"]
[Black "Guyer, Patrick"]
[Result "1-0"]
[WhiteElo "2462"]
[BlackElo "2122"]
[PlyCount "55"]
[EventDate "2002.07.01"]

1. e4 d6 2. d4 Nf6 3. Nc3 g6 4. g3 Bg7 5. Bg2 c6 6. Nge2 O-O 7. O-O e5 8. a4 a5
9. h3 Na6 10. Be3 Nb4 11. Qd2 Be6 12. Rad1 d5 13. exd5 Nfxd5 14. Bh6 Nb6 15.
Bxg7 Kxg7 16. Ne4 Nc4 17. Qc1 Bd5 18. c3 Na6 19. dxe5 Qc7 20. Nf6 Nxe5 21. Ng4
Qe7 22. Nd4 f5 23. Bxd5 cxd5 24. Rfe1 Qf7 25. Ne6+ Kh8 26. Nxf8 fxg4 27. Ne6
gxh3 28. Nf4 1-0

[Event "III Festival A"]
[Site "San Martino di Castrozza - Siror ITA"]
[Date "2002.07.02"]
[Round "2"]
[White "Kleinschroth, Roland"]
[Black "Aliferopulos, Andrea"]
[Result "1/2-1/2"]
[WhiteElo "2158"]
[BlackElo "1686"]
[PlyCount "48"]
[EventDate "2002.07.01"]

1. e4 e5 2. f4 Bc5 3. Qh5 Qe7 4. Qxe5 Qxe5 5. fxe5 Bxg1 6. Rxg1 Nc6 7. Nc3 Nxe5
8. Nd5 Kd8 9. d4 Ng6 10. Bc4 d6 11. Nf4 Nxf4 12. Bxf4 Ne7 13. O-O-O Bg4 14. Rd2
Kd7 15. Rf1 Bh5 16. h3 Bg6 17. Re1 a6 18. Re3 Rhe8 19. d5 f6 20. Be2 Bf7 21.
Bg4+ Kd8 22. Bf5 Nxf5 23. exf5 Rxe3 24. Bxe3 Kd7 1/2-1/2

[Event "III Festival A"]
[Site "San Martino di Castrozza - Siror ITA"]
[Date "2002.07.02"]
[Round "2"]
[White "Lotti, Fabio"]
[Black "Naumkin, Igor"]
[Result "0-1"]
[WhiteElo "2045"]
[BlackElo "2436"]
[PlyCount "74"]
[EventDate "2002.07.01"]

1. e4 e6 2. d3 d5 3. Nd2 c5 4. g3 Nc6 5. Bg2 Nf6 6. c3 dxe4 7. dxe4 Ne5 8. Bf1
Nd3+ 9. Bxd3 Qxd3 10. Qe2 Qxe2+ 11. Nxe2 b6 12. O-O Ng4 13. Nc4 Ba6 14. b3 Bxc4
15. bxc4 Ne5 16. f4 Nxc4 17. e5 O-O-O 18. a4 g6 19. Kf2 Be7 20. a5 Nxa5 21. c4
Kb7 22. Nc3 Nxc4 23. Nb5 a6 24. Nc3 Rd3 25. Ne4 Rhd8 26. Nf6 h5 27. Kg2 b5 28.
Ne4 R8d7 29. Nf6 Bxf6 30. exf6 a5 31. Kh3 Kc6 32. Kh4 Nd6 33. g4 hxg4 34. Kxg4
Nf5 35. Rf3 c4 36. h4 Rxf3 37. Kxf3 Nxh4+ 0-1

[Event "III Festival A"]
[Site "San Martino di Castrozza - Siror ITA"]
[Date "2002.07.02"]
[Round "2"]
[White "Marciello, Armando"]
[Black "Schiappacasse, Marcello"]
[Result "1-0"]
[WhiteElo "1863"]
[BlackElo "1761"]
[PlyCount "133"]
[EventDate "2002.07.01"]

1. d4 e6 2. Bf4 c5 3. e3 Qb6 4. Nc3 cxd4 5. Qxd4 Qxd4 6. exd4 Bb4 7. Bd3 Nc6 8.
Nge2 Nf6 9. O-O a6 10. Rad1 d5 11. h3 Bd7 12. Nb1 O-O 13. c3 Be7 14. Nd2 Rac8
15. Rfe1 Ne8 16. Nb3 f6 17. Ng3 g5 18. Bc1 Ng7 19. Ne2 e5 20. dxe5 fxe5 21. Bc4
Bxh3 22. Bxd5+ Be6 23. Bxe6+ Nxe6 24. Rd7 Rc7 25. Rxc7 Nxc7 26. Ng3 Ne6 27. Ne4
h6 28. Be3 b5 29. Bc5 Bxc5 30. Nbxc5 Nxc5 31. Nxc5 a5 32. Nd7 Rf5 33. Rd1 Kf7
34. Rd6 Ke7 35. Rxc6 Kxd7 36. Rxh6 e4 37. Ra6 a4 38. Rb6 Rd5 39. c4 bxc4 40.
Ra6 Rd1+ 41. Kh2 Rd2 42. Rxa4 Rxb2 43. Rxc4 Rxa2 44. Rd4+ Ke6 45. Rxe4+ Kf5 46.
f3 Rb2 47. Kg3 Ra2 48. Rb4 Ra5 49. Rb6 Rc5 50. Kh3 Ra5 51. g4+ Kf4 52. Rf6+ Ke3
53. Kg3 Ra8 54. Rf5 Rg8 55. Re5+ Kd4 56. Re7 Kd5 57. f4 gxf4+ 58. Kxf4 Rf8+ 59.
Kg5 Rg8+ 60. Kf5 Rf8+ 61. Kg6 Rg8+ 62. Rg7 Rf8 63. g5 Ke6 64. Ra7 Rg8+ 65. Kh6
Rh8+ 66. Kg7 Rh1 67. g6 1-0

[Event "III Festival A"]
[Site "San Martino di Castrozza - Siror ITA"]
[Date "2002.07.02"]
[Round "2"]
[White "Pinotti, Claudio"]
[Black "Bonani, Georg"]
[Result "1-0"]
[WhiteElo "2073"]
[BlackElo "1788"]
[PlyCount "113"]
[EventDate "2002.07.01"]

1. e4 e5 2. Nf3 Nc6 3. Nc3 Nf6 4. d4 exd4 5. Nxd4 Bb4 6. Nxc6 bxc6 7. Bd3 O-O
8. O-O d5 9. exd5 cxd5 10. Bg5 c6 11. Na4 Be6 12. c3 Be7 13. b4 Qd6 14. Bh4 Ng4
15. Bg3 Qd7 16. h3 Nh6 17. Be5 f6 18. Bd4 Bxh3 19. gxh3 Qxh3 20. Qe2 Bd6 21. f3
Bg3 22. Qg2 Qh4 23. Bf2 Bxf2+ 24. Qxf2 Qh5 25. Qg3 f5 26. Rae1 Rf6 27. Qh2 Qf7
28. Rf2 f4 29. Qh4 Nf5 30. Bxf5 Rxf5 31. Re7 Rh5 32. Rxf7 Rxh4 33. Re7 a5 34.
Nc5 axb4 35. cxb4 Rh3 36. a4 Kf8 37. Re6 Re8 38. Rxe8+ Kxe8 39. Re2+ Kd8 40.
Kg2 Rg3+ 41. Kf2 g5 42. Re6 Kc7 43. Rh6 g4 44. Rxh7+ Kd6 45. fxg4 Rxg4 46. Kf3
Rg1 47. Kxf4 Rf1+ 48. Ke3 Rb1 49. Rh6+ Kc7 50. a5 d4+ 51. Kd3 Rd1+ 52. Kc2 Ra1
53. Ne6+ Kb7 54. Nxd4 c5 55. Nb3 Ra2+ 56. Kb1 Rg2 57. Nxc5+ 1-0

[Event "III Festival A"]
[Site "San Martino di Castrozza - Siror ITA"]
[Date "2002.07.02"]
[Round "2"]
[White "Vita, Fabrizio"]
[Black "Agnelli, Francesco"]
[Result "1/2-1/2"]
[WhiteElo "2069"]
[BlackElo "2146"]
[PlyCount "47"]
[EventDate "2002.07.01"]

1. c4 Nf6 2. Nc3 g6 3. e4 d6 4. g3 Bg7 5. Bg2 e5 6. Nge2 Nc6 7. O-O O-O 8. f4
Be6 9. d3 Qd7 10. Nd5 Bg4 11. Qc2 Rac8 12. Be3 Nxd5 13. cxd5 Nb4 14. Qd2 Qb5
15. Nc1 c5 16. f5 gxf5 17. exf5 f6 18. a3 Na6 19. h3 Bh5 20. Na2 Nc7 21. Nc3
Qd7 22. g4 Be8 23. Be4 b5 24. Qg2 1/2-1/2

[Event "III Festival A"]
[Site "San Martino di Castrozza - Siror ITA"]
[Date "2002.07.02"]
[Round "2"]
[White "Weinberg, Emanuele"]
[Black "Voltolini, Giuseppe"]
[Result "1/2-1/2"]
[WhiteElo "1725"]
[BlackElo "2285"]
[PlyCount "72"]
[EventDate "2002.07.01"]

1. d4 d5 2. c4 c6 3. cxd5 cxd5 4. Bg5 Nc6 5. Nc3 Nf6 6. Bxf6 gxf6 7. e3 e6 8.
a3 Bd6 9. Bd3 f5 10. f4 Bd7 11. Qh5 Rc8 12. Nf3 Qf6 13. Ne5 Na5 14. Nb5 Bxb5
15. Bxb5+ Ke7 16. b4 Nc4 17. Kf2 Nb6 18. Rhc1 a6 19. Bd3 Bxe5 20. fxe5 Qg6 21.
Qxg6 hxg6 22. h3 Kd7 23. Ke2 Rxc1 24. Rxc1 Rc8 25. Rxc8 Kxc8 26. Bc2 Nc4 27. a4
Kd7 28. g4 fxg4 29. hxg4 g5 30. a5 Ke7 31. e4 Na3 32. Bd3 Nb5 33. Ke3 Na7 34.
exd5 exd5 35. Kd2 Nb5 36. Ke3 Na7 1/2-1/2

[Event "III Festival A"]
[Site "San Martino di Castrozza - Siror ITA"]
[Date "2002.07.03"]
[Round "3"]
[White "Agnelli, Francesco"]
[Black "D'Ettorre, Ireneo"]
[Result "1/2-1/2"]
[WhiteElo "2146"]
[BlackElo "1747"]
[PlyCount "44"]
[EventDate "2002.07.01"]

1. e4 Nf6 2. e5 Nd5 3. d4 d6 4. Nf3 Bg4 5. Be2 e6 6. O-O Be7 7. c4 Nb6 8. exd6
cxd6 9. Nc3 O-O 10. Be3 d5 11. c5 Bxf3 12. Bxf3 Nc4 13. Bc1 Nc6 14. b3 N4a5 15.
a3 Bf6 16. Be3 Nxd4 17. Bxd4 Bxd4 18. Qxd4 Nxb3 19. Qb4 Nxa1 20. Rxa1 b6 21.
Rd1 bxc5 22. Qxc5 Qb6 1/2-1/2

[Event "III Festival A"]
[Site "San Martino di Castrozza - Siror ITA"]
[Date "2002.07.03"]
[Round "3"]
[White "Aliferopulos, Andrea"]
[Black "Zichichi, Alvise"]
[Result "0-1"]
[WhiteElo "1686"]
[BlackElo "2312"]
[PlyCount "82"]
[EventDate "2002.07.01"]

1. e4 c5 2. Nf3 e6 3. d4 cxd4 4. Nxd4 a6 5. c4 Qc7 6. Be3 Nf6 7. Bd3 d6 8. Nc3
b6 9. f3 Bb7 10. O-O Be7 11. Qd2 Nbd7 12. Rfc1 O-O 13. Rab1 Rac8 14. Be2 Qb8
15. b4 Qa8 16. Na4 Rfe8 17. Nb3 Bd8 18. Qxd6 Bc7 19. Qd2 Red8 20. Qe1 Nxe4 21.
fxe4 Bxe4 22. Qf2 Bxb1 23. Rxb1 b5 24. Nac5 Ne5 25. Nd2 a5 26. Bf3 Nxf3+ 27.
Qxf3 axb4 28. Rf1 Qxf3 29. Rxf3 bxc4 30. Nxc4 Rd1+ 31. Kf2 Ra8 32. Ke2 Rd5 33.
Nb3 Rxa2+ 34. Ncd2 Be5 35. Kd1 Bc3 36. Kc1 f5 37. Rf2 Rd3 38. Re2 e5 39. g3 Kf7
40. Kb1 Ra3 41. Bc5 e4 0-1

[Event "III Festival A"]
[Site "San Martino di Castrozza - Siror ITA"]
[Date "2002.07.03"]
[Round "3"]
[White "Ammendolea, Massimo"]
[Black "Cavatorta, Fosco"]
[Result "0-1"]
[WhiteElo "1702"]
[BlackElo "1812"]
[PlyCount "146"]
[EventDate "2002.07.01"]

1. e4 e6 2. d3 d5 3. Nd2 Nf6 4. Ngf3 c5 5. g3 Nc6 6. Bg2 Qc7 7. O-O Be7 8. Re1
h6 9. Nf1 b6 10. Bf4 Qd8 11. e5 Nd7 12. h3 Qc7 13. Qe2 Bb7 14. c3 a5 15. Rac1
a4 16. g4 b5 17. Bg3 Qb6 18. N1d2 c4 19. d4 b4 20. Nh2 Qa5 21. Rb1 Ra7 22. Rec1
a3 23. bxa3 bxc3 24. Nxc4 dxc4 25. Qxc4 O-O 26. Bxc6 Rc8 27. Rxb7 Rxb7 28. Qa4
Qxa4 29. Bxa4 Bxa3 30. Rc2 Rb1+ 31. Kg2 Nb6 32. Bb3 Nd5 33. Bxd5 exd5 34. Nf1
Rb2 35. Ne3 Rxc2 36. Nxc2 Bc1 37. Kf3 Rb8 38. Ke2 Bd2 39. Kd3 Ra8 40. a3 Kf8
41. Nb4 Ra5 42. Nc2 g5 43. f3 Ke7 44. Bf2 Ke6 45. Bg3 Rb5 46. Nb4 Rb8 47. h4
Ra8 48. Nc2 Rf8 49. h5 f5 50. exf6 Rxf6 51. Ke2 Rf7 52. Bf2 Rb7 53. Nb4 Bc1 54.
Nc2 Rb3 55. a4 Rb2 56. Kd3 Bd2 57. Bg3 Ra2 58. Bf2 Rxa4 59. Bg3 Ra2 60. Bf2 Rb2
61. Bg3 Rb1 62. Ke2 Rc1 63. Kd3 Rg1 64. Bf2 Rg2 65. Ke2 Rh2 66. Kf1 Bf4 67. Ne1
Rh1+ 68. Ke2 Rxe1+ 69. Bxe1 c2 70. Bd2 c1=Q 71. Bxc1 Bxc1 72. Kd3 Bb2 73. Ke3
Kd6 0-1

[Event "III Festival A"]
[Site "San Martino di Castrozza - Siror ITA"]
[Date "2002.07.03"]
[Round "3"]
[White "Bonani, Georg"]
[Black "Dallaglio, Giovanni"]
[Result "1-0"]
[WhiteElo "1788"]
[BlackElo "2051"]
[PlyCount "63"]
[EventDate "2002.07.01"]

1. e4 c6 2. d4 d5 3. Nc3 dxe4 4. Nxe4 Nd7 5. Nf3 Ngf6 6. Nxf6+ Nxf6 7. Bd3 Qc7
8. Bg5 e6 9. Qe2 Bd6 10. O-O b6 11. Rfe1 Bb7 12. c4 O-O-O 13. a3 c5 14. dxc5
bxc5 15. h3 h6 16. Be3 g5 17. Reb1 g4 18. hxg4 Nxg4 19. b4 Nxe3 20. Qxe3 Rhg8
21. Be4 Bxe4 22. Qxe4 h5 23. bxc5 Bxc5 24. Ne5 Bb6 25. c5 Rd5 26. cxb6 Qxe5 27.
Qa4 a5 28. Qc4+ Kb7 29. Rc1 Qd6 30. Rab1 f5 31. Qc7+ Qxc7 32. bxc7+ 1-0

[Event "III Festival A"]
[Site "San Martino di Castrozza - Siror ITA"]
[Date "2002.07.03"]
[Round "3"]
[White "Brignone, Roberto"]
[Black "Marciello, Armando"]
[Result "0-1"]
[WhiteElo "2165"]
[BlackElo "1863"]
[PlyCount "152"]
[EventDate "2002.07.01"]

1. e4 c5 2. Nf3 Nc6 3. d4 cxd4 4. Nxd4 e5 5. Nb5 d6 6. Be2 a6 7. N5c3 Nf6 8.
O-O Be6 9. Be3 Be7 10. a4 O-O 11. Nd2 Rc8 12. f4 exf4 13. Bxf4 Qb6+ 14. Kh1
Qxb2 15. Rf3 Nd4 16. Rb1 Qxc2 17. Qxc2 Nxc2 18. Rxb7 Nd4 19. Rd3 Nxe2 20. Nxe2
Nh5 21. Kg1 Nxf4 22. Nxf4 Rc1+ 23. Kf2 Bg5 24. Kg3 Bxf4+ 25. Kxf4 Rc6 26. Nf3
h6 27. Nd4 Rc4 28. Nxe6 fxe6+ 29. Ke3 Rd8 30. Rb6 Rxa4 31. e5 d5 32. Rxe6 Kf7
33. Rb6 Ke7 34. Rb7+ Ke6 35. Rxg7 Kxe5 36. Re7+ Kd6 37. Rh7 Re8+ 38. Kf3 Rf8+
39. Kg3 Rf6 40. h3 d4 41. Rh8 Kd5 42. Rd8+ Ke4 43. Rd1 Rg6+ 44. Kh2 Rg5 45.
Re8+ Kd5 46. Rd8+ Kc5 47. Rc8+ Kb6 48. Rd8 Ra2 49. Rd6+ Kc5 50. Rxh6 Rgxg2+ 51.
Kh1 a5 52. Rh8 Rh2+ 53. Kg1 Rag2+ 54. Kf1 Rh1+ 55. Kxg2 Rxd1 56. Rc8+ Kb4 57.
Rb8+ Kc3 58. Rc8+ Kd2 59. Ra8 Ra1 60. h4 d3 61. h5 Ra4 62. Kf2 Kd1 63. h6 Rh4
64. Rxa5 Rxh6 65. Ra1+ Kc2 66. Ra2+ Kb3 67. Ra8 Re6 68. Rd8 Kc2 69. Rc8+ Kd2
70. Ra8 Rf6+ 71. Kg3 Ke2 72. Re8+ Kd1 73. Re7 d2 74. Re8 Rc6 75. Ra8 Ke2 76.
Ra2 Ke1 0-1

[Event "III Festival A"]
[Site "San Martino di Castrozza - Siror ITA"]
[Date "2002.07.03"]
[Round "3"]
[White "Contin, Daniel"]
[Black "Mayer, Frank"]
[Result "1-0"]
[WhiteElo "2334"]
[BlackElo "2288"]
[PlyCount "45"]
[EventDate "2002.07.01"]

1. Nf3 f5 2. b3 d6 3. d4 g6 4. Bb2 Bg7 5. e3 Nf6 6. Nbd2 Nc6 7. d5 Nb4 8. c4 c5
9. a3 Na6 10. Bd3 O-O 11. h4 Nh5 12. Bxg7 Kxg7 13. Qc2 e5 14. dxe6 Bxe6 15. Ng5
Bg8 16. Be2 Qf6 17. O-O-O h6 18. Bxh5 gxh5 19. Nh3 d5 20. Nf4 Qa1+ 21. Nb1 dxc4
22. Rd7+ Kh8 23. Ng6# 1-0

[Event "III Festival A"]
[Site "San Martino di Castrozza - Siror ITA"]
[Date "2002.07.03"]
[Round "3"]
[White "Dal Zovo, Claudio"]
[Black "Cattafi, Giuseppe"]
[Result "0-1"]
[WhiteElo "1732"]
[BlackElo "1810"]
[PlyCount "66"]
[EventDate "2002.07.01"]

1. d4 d5 2. Nf3 Bf5 3. Bf4 c6 4. e3 Qb6 5. b3 Nd7 6. Bd3 Bg6 7. O-O Ngf6 8. a4
a5 9. Na3 e6 10. c4 Qb4 11. Qc2 Ne4 12. Rfc1 Bd6 13. Ne5 Bxe5 14. dxe5 Ndc5 15.
Rd1 Nxd3 16. Qxd3 Nxf2 17. Qe2 Nxd1 18. Qxd1 Rd8 19. Bg5 Rd7 20. Qe1 Qxb3 21.
Qxa5 O-O 22. Qd2 h6 23. Bh4 Be4 24. a5 Ra8 25. Be1 Rad8 26. Qb4 dxc4 27. Nxc4
Qc2 28. Qb2 Qxc4 29. Rc1 Qd3 30. Qf2 Rd5 31. Bc3 Rc5 32. Rf1 Rxc3 33. Qxf7+ Kh8
0-1